| LEADER | 00653nam a2200169 4500 | ||
|---|---|---|---|
| 082 | |a 305.234 |b T450ch | ||
| 100 | |a Đào Ngọc Dung chủ biên | ||
| 245 | |a Tổ chức hoạt động thiếu nhi ở địa bàn dân cư / |c Đào Ngọc Dung chủ biên, Nguyễn Văn Sơn, Nguyễn Thế Tiến,... | ||
| 260 | |a H. |b Thanh niên |c 2002 | ||
| 300 | |a 140tr. |c 19cm. | ||
| 520 | |a v...v | ||
| 653 | |a Thiếu nhi | ||
| 653 | |a Hoạt động | ||
| 653 | |a Tổ chức | ||
| 942 | |2 ddc |c SH | ||
| 999 | |c 10165 |d 10165 | ||
| 952 | |0 0 |1 0 |2 ddc |4 0 |6 305_234000000000000_T450CH |7 0 |8 300 |9 79123 |a qbu |b qbu |c D2 |d 2015-07-20 |g 20000 |o 305.234 T450ch |p 10133.c1 |r 0000-00-00 |w 2015-07-20 |y SH | ||